=LDR 00000nam 2200000 4500 =001 INLIS000000000005316 =005 20130612093549 =008 ***********************************Ind** =035 ##$$0010-061300000005316 =041 ##$$a Ind =082 ##$$a 306.095 98 =090 ##$$a 306.095 98, Rad m =100 ##$$a DAHANA, Radhar Panca =245 ##$$a Menjadi manusia Indonesia, Panca Dahana Radhar =260 ##$$a 2001 $b Yogyakarta =300 ##$$a xxi, 280 hlm, 21 cm =650 ##$$a Antrologi Indonesia =850 ##$$a NBPNMAT